Gerontologische Studien an 575 Hundertjährigen in Deutschland /

Hlavní autor: Jordan, Rudolf K.G.
Korporativní autor: Bayerische Julius-Maximilians-Universität Würzburg. Medizinische Fakultät
Jazyk: Němčina
Vydáno: Würzburg : R.K.G. Jordan, 1983
Fyzický popis: 113 s.
Knihy
Uloženo v:
LEADER 00798nam a22002172a 4500
001 001100778
003 CZ BrMZK
005 20101008110451.0
007 ta
008 100608s1983 gw er|||||||||||ger d
040 |a BOA001  |b cze 
100 1 |a Jordan, Rudolf K.G.  |4 dis 
245 1 0 |a Gerontologische Studien an 575 Hundertjährigen in Deutschland /  |c Rudolf K.G. Jordan 
260 |a Würzburg :  |b R.K.G. Jordan,  |c 1983 
300 |a 113 s. 
502 |a Disertace--Bayerische Julius-Maximilians-Universität Würzburg, Medizinische Fakultät, 1983 
710 2 |a Bayerische Julius-Maximilians-Universität Würzburg.  |b Medizinische Fakultät 
910 |a BOA001  |b 2-0875.482 
990 |a BK 
991 |b 201006 
996 7 |b 2619319355  |c 2-0875.482  |l MZK  |r Sklad / do 1 hodiny  |n 0  |w 001127451  |u 000010  |a 1  |e BOA001  |j MZK50  |s A